| 000 | 00581nam a2200157Ia 4500 | ||
|---|---|---|---|
| 008 | 210719s2002 xx 000 0 und d | ||
| 041 | _aeng | ||
| 082 | _a332 CORI | ||
| 100 | _aCORPORATION BANK | ||
| 245 | _aIndian banking: managing transformation: proceedings of the bank economists conference 2002 | ||
| 260 |
_aMangalore _bCorporation Bank Economic Development Foundation. _c2002 |
||
| 300 |
_a316 _bPB |
||
| 650 | _aBanking | ||
| 650 | _aEconomics | ||
| 906 | _a2002 ; bank ; banking: ; conference ; economists ; Indian ; managing ; of ; proceedings ; the ; transformation: | ||
| 999 |
_c214595 _d214595 |
||